Score 0/9 Timer 00:30
2 Plays Today
Clue Answer % Correct
Winter precipitation❄❍ SNOW ❄❍
98.3%
Nose juice❄ SNOT ❄
95%
Fireplace residue❄ SOOT ❄
84.6%
Winter temperature❄ COLD ❄
81.8%
Quarterback McCoy, perhapsCOLT
72%
Brave and daringBOLD
67.4%
Eccentric old manCOOT
66.8%
Chrome domed?BALD
46.5%
Fetch toy❄❍ BALL ❄❍
43.9%

Today's Daily Dose

Missing Word
'T' Pairs

Word Ladder
Game Pieces

Get the Picture
Baseball Movies

Remove Ads.
Support Sporcle.
Get the best of Sporcle when you Go Orange. This ad-free experience offers more features, more stats, and more fun while also helping to support Sporcle. Thank you for becoming a member.

You're not logged in!

Compare scores with friends on all Sporcle quizzes.
OR
Log In

Show Comments

Extras

Top Quizzes Today


Score Distribution

Your Account Isn't Verified!

In order to create a playlist on Sporcle, you need to verify the email address you used during registration. Go to your Sporcle Settings to finish the process.

Report this User

Report this user for behavior that violates our Community Guidelines.

Details: